| 000 | 00646nam a22001697a 4500 | ||
|---|---|---|---|
| 999 |
_c11485 _d11485 |
||
| 008 | 181205b ||||| |||| 00| 0 eng d | ||
| 082 |
_22017 _aUT 1050 _bAb77 |
||
| 100 |
_aAboyot, Jake B. _932921 |
||
| 245 |
_aDigos City sentiment analyzer using lexicon based approach / _cJake B. Aboyot, Christian Rey P. Binoya, and Catherine V. Udo |
||
| 260 |
_aDigos City: _bUMDC _cApril 2017. |
||
| 300 |
_a91 pages ; _b29 cm. |
||
| 650 |
_aTechnical Program _vInformation Technology _xUndergraduate thesis. _932740 |
||
| 700 |
_aAboyot, Jake B. _932921 |
||
| 700 |
_aBinoya, Christian Rey P. _932922 |
||
| 700 |
_aUdo, Catherine V. _932923 |
||
| 942 |
_2ddc _cUT |
||